书目信息 |
| 题名: |
计算出人意料
|
|
| 作者: | 埃克朗 , 白继祖 著 | |
| 分册: | ||
| 出版信息: | 上海 上海教育出版社 1912.06 |
|
| 页数: | 126页 | |
| 开本: | 32开 | |
| 丛书名: | ||
| 单 册: | ||
| 中图分类: | O192-49 | |
| 科图分类: | ||
| 主题词: | 突变理论 , 整体分析 , 流形分析 , 突变 | |
| 电子资源: | ||
| ISBN: | 7-5320-6270-8 | |
| 000 | 00684nam0 2200241 45 | |
| 001 | 0104051138 | |
| 005 | 20010405111331.3 | |
| 010 | @a7-5320-6270-8@d7.60元 | |
| 100 | @a20010405d1912 km y0chiy0120 ea | |
| 101 | 0 | @achi |
| 105 | @a z 000yy | |
| 200 | 1 | @a计算出人意料@AJi Suan Chu Ren Yi Liao@f(法)埃克朗著;史树中,白继祖译@F(Fa)Ai Ke Lang Zhu;Shi Shu Zhong,Bai Ji Zu Yi |
| 210 | @a上海@c上海教育出版社@d1912.06 | |
| 215 | @a126页@d32开 | |
| 606 | 0 | @a突变理论 |
| 606 | 0 | @a整体分析 |
| 606 | 0 | @a流形分析 |
| 606 | 0 | @a突变 |
| 690 | @aO192-49@v3 | |
| 701 | 0 | @a埃克朗@4著 |
| 701 | 0 | @a白继祖@4译 |
| 801 | @aCN@bPftUser@c20010405 | |
| 905 | @b336050-052@dO192-49@eA426@f3 | |
| 计算出人意料/(法)埃克朗著;史树中,白继祖译.-上海:上海教育出版社,1912.06 |
| 126页;32开 |
| ISBN 7-5320-6270-8:7.60元 |
| ● |
| 相关链接 |
|
|
|
正题名:计算出人意料
索取号:O192-49/A426
 
预约/预借
| 序号 | 登录号 | 条形码 | 馆藏地/架位号 | 状态 | 备注 |
| 1 | 336050 | 203360503 | 自科二线504/504自科库 49排2列5层/ [索取号:O192-49/A426] | 在馆 | |
| 2 | 336051 | 203360512 | 自科二线504/504自科库 49排2列5层/ [索取号:O192-49/A426] | 在馆 | |
| 3 | 336052 | 203360521 | 自科二线504/504自科库 49排2列5层/ [索取号:O192-49/A426] | 在馆 |